GLACIAL GEOLOGY and the Pleistocene Epoch (Record no. 11790)

MARC details
000 -LEADER
fixed length control field 00411nam a22001577a 4500
003 - CONTROL NUMBER IDENTIFIER
control field OSt
005 - DATE AND TIME OF LATEST TRANSACTION
control field 20211012104041.0
008 - FIXED-LENGTH DATA ELEMENTS--GENERAL INFORMATION
fixed length control field 211012b |||||||| |||| 00| 0 eng d
040 ## - CATALOGING SOURCE
Transcribing agency HU
082 ## - DEWEY DECIMAL CLASSIFICATION NUMBER
Classification number 551.31/FLI
100 ## - MAIN ENTRY--PERSONAL NAME
Personal name Flint Richard Foster
9 (RLIN) 12722
245 ## - TITLE STATEMENT
Title GLACIAL GEOLOGY and the Pleistocene Epoch
260 ## - PUBLICATION, DISTRIBUTION, ETC.
Place of publication, distribution, etc. NEW YORK
Name of publisher, distributor, etc. JOHN WILEY & SONS, INC..
Date of publication, distribution, etc. 1947.
300 ## - PHYSICAL DESCRIPTION
Extent 589p.
942 ## - ADDED ENTRY ELEMENTS (KOHA)
Source of classification or shelving scheme Dewey Decimal Classification
Koha item type Books like text book referance book
Suppress in OPAC No
Holdings
Withdrawn status Lost status Source of classification or shelving scheme Damaged status Not for loan Home library Current library Shelving location Date acquired Total Checkouts Full call number Barcode Date last seen Copy number Price effective from Koha item type
    Dewey Decimal Classification     Natural & Computational Science Library Natural & Computational Science Library General Stacks 10/12/2021   551.31/FLI NSCLIB000018024 10/12/2021 1 10/12/2021 Books like text book referance book